[Event "SCO Open 2018"]
[Site "Xingtai"]
[Date "2018.10.22"]
[Round "9"]
[White "Vokhidov, Shamsiddin"]
[Black "Li, Di"]
[Result "1/2-1/2"]
[WhiteElo "2446"]
[BlackElo "2467"]
[Annotator "TA"]
[PlyCount "98"]
[EventDate "2018.??.??"]
[EventCountry "CHN"]
[SourceTitle "playchess.com"]
[Source "ChessBase"]
[SourceQuality "1"]

{[%evp 21,98,8,20,18,23,0,8,0,2,0,6,0,6,-40,-29,-27,-29,-29,-44,-36,-22,-19,-20,-69,-73,-65,-72,-53,-60,-94,-102,-92,-77,-101,-86,-90,-86,-93,-69,-91,-63,-73,-66,-69,-64,-58,-45,-54,-41,-97,-9,-84,-30,-30,-10,-24,0,0,6,0,0,-22,0,-7,0,-14,-14,-15,-20,-24,-19,-25,-15,-16,0,-6,0,-4,0]} 1. e4 e5 2. Nf3 Nf6 3. Nxe5 d6 4. Nf3 Nxe4 5. Nc3 Nf6 6. d4 Be7 7. Bd3 O-O 8. h3 {C42: Petroff Defence: 3 Nxe5 and unusual White 3rd moves} (8. O-O Nc6 9. d5 Ne5 10. Nxe5 dxe5 11. Re1 Nd7 12. Ne4 Nf6 13. Nxf6+ Bxf6 14. Qf3 Re8 15. c4 b6 {0-1 (41) Wei,Y (2729)-Yu,Y (2762) Danzhou 2018}) 8... Re8 9. O-O b6 10. Re1 Bb7 11. Bf4 Nbd7 {[%cal Bb8d7,Bd7f8,Bf8g6][%mdl 32] LiveBook: 3 Games} 12. a4 a6 13. Bc4 {[#]} Nf8 $146 ({Predecessor:} 13... Bf8 14. Rxe8 Qxe8 15. Ba2 Qd8 16. Qd3 d5 17. Rd1 a5 {½-½ (17) Istratescu,A (2619)-Zhang,P (2643) Poikovsky 2007}) 14. Bg3 Ng6 15. d5 Nh5 16. Bh2 Bf6 17. Qd2 Bxc3 18. Qxc3 Qd7 (18... Nf6 {is interesting.} 19. Red1 Ne7 20. Qb3 h6 21. Rac1 Rb8) 19. Qd2 Rxe1+ 20. Nxe1 Nf6 $1 {[%cal Bh5f6,Bf6e4,Be4c5,Bc5b3][%mdl 32]} 21. Bb3 Ne4 22. Qd4 Nc5 $1 23. a5 Nxb3 24. cxb3 bxa5 25. Rxa5 Qf5 {White must now prevent ...Qb1.} 26. Bg3 Ne7 {[%cal Re7d5]} 27. Qc4 Rc8 {[%cal Re7d5]} 28. Qb4 Bxd5 {[#] And now ...Nc6 would win.} 29. Rxa6 h6 30. Qc3 Qe6 31. b4 Nf5 32. Ra1 Qe2 33. Bf4 Qe4 34. Qd3 Re8 35. Bd2 (35. Qxe4 $15 Bxe4 36. Bd2) 35... Qe6 (35... Qxd3 $17 36. Nxd3 Nh4) 36. Rc1 {[#]} (36. Bc3 $11 {keeps the balance.}) 36... Re7 (36... c6 $1 $17) 37. Bc3 Be4 38. Qe2 Qg6 {Strongly threatening ...Bxg2.} (38... d5 {looks sharper.} 39. g4 Nh4 40. Bd4 Qd7 41. Qe3 Bg6) 39. Qg4 $1 Qg5 40. Qxg5 hxg5 41. f3 Bb7 42. Nc2 f6 43. Kf2 Ba6 44. Re1 Rxe1 45. Kxe1 Kf7 46. Kf2 Ne7 47. Nd4 {The position is equal.} c6 {[%cal Bc7c6,Bc6c5][%mdl 32]} 48. Bd2 Bc4 49. f4 c5 {Precision: White = 53%, Black = 50%.} 1/2-1/2

[Event "SCO Open 2018"]
[Site "Xingtai"]
[Date "2018.10.22"]
[Round "9"]
[White "Das, Arghyadip"]
[Black "Nigmatov, Ortik"]
[Result "1/2-1/2"]
[WhiteElo "2437"]
[BlackElo "2456"]
[Annotator "TA"]
[PlyCount "93"]
[EventDate "2018.??.??"]
[EventCountry "CHN"]
[SourceTitle "playchess.com"]
[Source "ChessBase"]
[SourceQuality "1"]

{[%evp 13,93,22,30,35,26,27,48,18,10,10,13,0,22,20,52,12,23,0,0,0,0,0,0,0,6,0,0,0,0,-17,-14,0,0,-38,-38,-18,-16,-33,-16,-16,-9,-45,-8,-20,-20,-21,-24,-35,-35,-35,-35,-35,-35,-35,-35,-35,0,0,19,18,15,21,30,-417,0,0,0,0,0,0,0,0,0,0,0,0,0,0,0,0,0,0]} 1. e4 e5 2. Nf3 Nc6 3. Bb5 a6 4. Ba4 d6 5. O-O Bd7 6. d4 Nf6 7. Re1 b5 {LiveBook: 10 Games. C79: Ruy Lopez: Steinitz-type lines with 3...a6 4 Ba4 Nf6 5 0-0 d6} (7... g6 8. Bxc6 Bxc6 9. dxe5 dxe5 10. Qxd8+ Rxd8 11. Nxe5 Bd7 12. Nxd7 Nxd7 13. Bf4 f6 14. Nd2 Nc5 15. Rad1 {1-0 (40) Jakovenko,D (2710)-Triapishko,O (2500) Sochi 2017}) 8. dxe5 dxe5 9. Bb3 Bd6 {White has an edge.} 10. c3 O-O $146 ({Predecessor:} 10... h6 11. Nbd2 O-O 12. Nf1 Nh5 13. Ne3 Nf4 14. Nf5 Be6 15. Bxf4 exf4 16. Nxd6 cxd6 {1-0 (49) Kanmazalp,O (2448)-Vaishali,R (2259) Reykjavik 2017}) 11. Nbd2 {[%cal Bb1d2,Bd2f1,Bf1g3,Bg3f5][%mdl 32]} Na5 12. Bc2 Qe7 13. Nf1 Rad8 14. Ng3 Rfe8 15. h3 b4 16. Nh4 bxc3 {[#] And now ...Bb4 would win.} 17. Nhf5 Bxf5 18. Nxf5 Qe6 19. bxc3 Ba3 20. Qe2 Bxc1 21. Rexc1 g6 22. Ne3 Qc6 23. Ng4 {Strongly threatening Ba4!} Nxg4 24. hxg4 Rd6 ({Don't blunder} 24... Qxc3 $2 25. Ba4 $18) 25. Bb3 Nxb3 26. axb3 Red8 27. Ra5 Rd2 28. Rxa6 {Black must now prevent Qxd2.} Qxc3 29. Rxc3 Rxe2 $11 {[%mdl 4096] Endgame KRR-KRR} 30. Rf6 Rd7 31. Rc4 Kg7 32. Rf3 $1 Kh6 33. Kh2 Kg5 34. Kg3 h5 35. gxh5 f5 36. hxg6 f4+ 37. Kh2 {Threatens to win with g3.} Re1 {aiming for ...Rdd1.} 38. g3 $2 {[%mdl 8192] [#]} (38. Rc5 $11 Rxe4 39. Rc6) 38... Kg4 $2 ({Black should try} 38... Rdd1 $1 $19 {( -> ...Rh1+)} 39. gxf4+ Kg4 40. Rg3+ Kxf4) 39. g7 $1 {The position is equal.} Rxg7 40. Kg2 $1 Rg1+ 41. Kxg1 Kxf3 {KR-KR} 42. Kf1 fxg3 43. fxg3 Rh7 {[%cal Rh7h1]} 44. Ke1 Rd7 45. g4 Kxg4 46. Kf2 Kf4 47. Ke2 {Precision: White = 57%, Black = 50%.} 1/2-1/2

[Event "SCO Open 2018"]
[Site "Xingtai"]
[Date "2018.10.22"]
[Round "9"]
[White "Dai, Changren"]
[Black "Zhou, Jianchao"]
[Result "1-0"]
[WhiteElo "2433"]
[BlackElo "2625"]
[Annotator "TA"]
[PlyCount "123"]
[EventDate "2018.??.??"]
[EventCountry "CHN"]
[SourceTitle "playchess.com"]
[Source "ChessBase"]
[SourceQuality "1"]

{[%evp 19,123,0,18,2,12,8,12,1,8,0,13,16,53,45,117,114,110,105,110,52,52,45,125,137,131,123,119,88,97,85,108,105,125,126,133,131,150,158,140,133,154,155,252,250,226,144,146,144,147,139,144,144,147,139,138,139,122,85,152,150,145,150,160,145,175,172,167,166,166,159,150,135,192,192,183,179,213,204,267,292,292,247,496,496,566,518,795,779,688,388,388,388,721,422,473,462,1148,331,2096,87,29959,29959,6187,3959,29968,29969]} 1. e4 c6 2. d4 d5 3. e5 Bf5 4. Nd2 e6 5. Nb3 Nd7 6. Nf3 Ne7 {[%cal Bg8e7,Be7c8,Bc8b6,Bb6c4][%mdl 32] B12: Caro-Kann: Advance Variation} 7. Be2 Nc8 (7... Ng6 8. O-O f6 9. c4 dxc4 10. Bxc4 fxe5 11. Ng5 Qf6 12. g4 Nf4 13. Bxf4 exf4 14. Nxe6 Bxe6 15. Bxe6 {½-½ (46) Grischuk,A (2766)-Mamedyarov,S (2808) Paris 2018}) 8. O-O Be7 9. Be3 O-O 10. Ne1 Ncb6 {LiveBook: 3 Games} 11. Bd3 $146 ({Predecessor:} 11. g4 Bg6 12. f4 f5 13. g5 Nc4 14. Bc1 {0-1 (37) Nygren,K (2276)-Agrest,E (2596) Sweden 2016}) 11... Bxd3 12. Nxd3 Nc4 13. Qg4 {Black must now prevent Bh6.} Kh8 14. Rae1 {[%cal Ba1e1,Be1e3,Be3h3,Bh3f3,Bf3f4][%mdl 32]} c5 15. Bc1 {[%cal Rb3c5]} cxd4 16. Nxd4 Qb6 (16... Qc7 $14) 17. b3 $16 Na5 {[#]} 18. Re3 $1 Nc6 19. Nxc6 ({Better is} 19. Rg3 $16 {[%csl Gg3][%cal Rg4g7]} g6 20. Nxc6 Qxc6 21. Bh6) 19... Qxc6 $14 20. Qh5 $40 {[%mdl 128] Rh3 would kill now. Black needs to defend precisely.} d4 ({Not} 20... Qxc2 $2 21. Rh3 $18) (20... g6 $1 $14 21. Qh6 Rfc8) 21. Rh3 $16 {[%csl Gh3][%cal Rh5h7]} Qe4 22. Re1 Qf5 23. Qe2 (23. Qd1 {with more complications.} Rfc8 24. c4 h6 25. Rf3 Qg6 26. Rf4) 23... Rac8 24. Rf3 Qg6 25. Rf4 Rfd8 26. Rxd4 Nb8 27. Rxd8+ Rxd8 28. Nf4 Qh6 29. Qb5 Rd7 30. Nd5 Qh5 (30... Qh4 $16) 31. Nxe7 $18 Rxe7 32. Ba3 Rd7 33. Qc5 {[%cal Rc5f8]} Rd8 34. Qc7 {[%cal Rc7d8]} Qd1 {[%cal Rd1e1]} 35. Kf1 Qd7 36. Qxd7 Rxd7 $16 {[%mdl 4096] Endgame KRB-KRN} 37. Ke2 Nc6 38. Bb2 Kg8 (38... h5 $142) 39. Rd1 Rxd1 40. Kxd1 {KB-KN} Kf8 41. Kd2 Ke8 42. c4 Kd7 43. Bc3 Ne7 44. g4 Kc6 45. Ke3 Kd7 (45... Kc5 $16 {was called for.} 46. f4 b6) 46. Ke4 $18 Nc6 47. f4 a6 48. f5 b5 49. cxb5 axb5 50. a4 bxa4 $2 (50... g6 {keeps fighting.} 51. axb5 Na7) 51. bxa4 Kc7 52. h4 {[%cal Bh2h4,Bh4h5][%mdl 32]} Kb6 (52... Nb8 $142 53. Kd4 Kc6) 53. h5 Kc5 54. Bd2 Kc4 55. a5 Kb5 $2 (55... Kc5 56. Be1 Kc4) 56. Kf4 Nd4 57. Be3 Nc6 (57... Nc2 $142 58. f6 g5+ 59. hxg6 hxg6) 58. Bb6 $2 (58. a6 {Strongly threatening fxe6.} exf5 59. a7 Nxa7 60. Bxa7 fxg4 61. Kxg4) 58... g6 $2 (58... Nb4 59. Kg5 Nd5) 59. f6 $2 (59. fxg6 $18 {has better winning chances.} fxg6 60. hxg6 hxg6 61. Bc7) 59... g5+ $2 {[%mdl 8192] [#]} (59... Ka6 $16 60. Bc7 gxh5) 60. Kxg5 Nxe5 61. Kh6 Nxg4+ 62. Kg7 {Precision: White = 74%, Black = 24%.} 1-0

[Event "SCO Open 2018"]
[Site "Xingtai"]
[Date "2018.10.22"]
[Round "9"]
[White "Chen, Qi B"]
[Black "Oparin, Grigoriy"]
[Result "1/2-1/2"]
[WhiteElo "2425"]
[BlackElo "2624"]
[Annotator "TA"]
[PlyCount "64"]
[EventDate "2018.??.??"]
[EventCountry "CHN"]
[SourceTitle "playchess.com"]
[Source "ChessBase"]
[SourceQuality "1"]

{[%evp 18,64,39,33,26,27,38,16,7,25,40,49,40,23,23,21,28,0,5,14,7,9,8,-17,-16,-20,-15,-21,-12,-22,-25,-23,-23,-12,0,0,0,0,0,0,0,-8,0,0,0,0,0,0,0]} 1. e4 c6 2. d4 d5 3. e5 c5 4. dxc5 e6 5. a3 Bxc5 6. Nf3 {B12: Caro-Kann (Vorstoß-Variante)} Ne7 (6... Nd7 7. Bd3 f6 8. b4 Be7 9. Bb2 fxe5 10. Nxe5 Nxe5 11. Bxe5 Bf6 12. O-O Nh6 13. Bxf6 Qxf6 {1-0 (70) Jakovenko,D (2735)-Fedoseev,V (2706) Poikovsky 2018}) 7. b4 Bb6 8. Bd3 Ng6 9. O-O Nc6 10. Bb2 {LiveBook: 66 Partien} Nf4 11. c4 Bc7 12. g3 Nxd3 13. Qxd3 dxc4 $146 14. Qxc4 O-O 15. Qe2 Ne7 16. Nc3 Bd7 17. Rac1 Bc6 18. Rfd1 Qb8 19. Nb5 a6 20. Nxc7 Qxc7 21. Nd4 Rfd8 22. Nxc6 Nxc6 23. h4 h6 24. Qc4 Rxd1+ (24... Rac8 {feels hotter.} 25. Qe2 Rxd1+ 26. Rxd1 Ne7 27. b5 a5) 25. Rxd1 Rd8 {Die Stellung ist ausgeglichen.} 26. Rxd8+ $1 Qxd8 27. b5 axb5 28. Qxb5 Qc8 29. a4 Ne7 30. Bd4 Nd5 31. a5 Qc1+ 32. Kh2 Qd2 {Precision: Weiß = 64%, Schwarz = 71%.} 1/2-1/2

[Event "SCO Open 2018"]
[Site "Xingtai"]
[Date "2018.10.22"]
[Round "9"]
[White "Xiang, Zeyu"]
[Black "Lin, Yi"]
[Result "1-0"]
[WhiteElo "2409"]
[BlackElo "2361"]
[Annotator "TA"]
[PlyCount "55"]
[EventDate "2018.??.??"]
[EventCountry "CHN"]
[SourceTitle "playchess.com"]
[Source "ChessBase"]
[SourceQuality "1"]

{[%evp 18,55,0,-14,-23,-14,0,-9,172,165,167,154,215,186,227,222,197,225,383,378,352,373,373,360,452,408,388,398,581,571,562,552,627,614,604,602,704,683,692,689]} 1. d4 Nf6 2. c4 g6 3. Nc3 d5 4. Nf3 Bg7 5. h4 dxc4 6. e4 {[%cal Be2e4,Be4e5][%mdl 32] D90: Grünfeld: 4 Nf3 Bg7 sidelines} c5 7. d5 b5 8. h5 O-O 9. hxg6 fxg6 10. e5 {LiveBook: 16 Games} Ng4 11. d6 {aiming for Qd5+.} e6 $1 12. Rxh7 Kxh7 $2 (12... Rf5 $11 13. Rh3 Nc6) 13. Ng5+ $146 Kg8 14. Qxg4 Bxe5 {[#]} (14... Rf5 $16) 15. Qh3 $1 {[%csl Gg5][%cal Rh3h7]} Bxc3+ 16. bxc3 {[%csl Gg5][%cal Rh3h7]} Qd7 {[#]} 17. a4 $1 $40 {[%cal Ba2a4,Ba4b5][%mdl 672] White goes for the king.} Qg7 $2 (17... a5 {keeps fighting.} 18. axb5 Ra7 19. Bxc4 Qxd6 20. Rxa5 Re7) (17... bxa4 18. Bxc4) 18. axb5 Qh8 19. Qxh8+ ({Don't do} 19. Bxc4 Qxh3 20. gxh3 a5 $18) 19... Kxh8 20. Bxc4 Re8 21. Be3 Nd7 22. Nxe6 Ne5 (22... Rb8 {was worth a try.} 23. Rxa7 Nb6) 23. Nc7 {White is clearly winning.} Nxc4 24. Nxe8 Bf5 25. Nc7 Rd8 26. Bxc5 Nxd6 27. Bxd6 Rxd6 28. Rxa7 {Precision: White = 97%, Black = 29%.} 1-0

[Event "SCO Open 2018"]
[Site "Xingtai"]
[Date "2018.10.22"]
[Round "9"]
[White "Zhao, Yuanhe"]
[Black "Tan, Zhongyi"]
[Result "0-1"]
[WhiteElo "2389"]
[BlackElo "2527"]
[Annotator "TA"]
[PlyCount "72"]
[EventDate "2018.??.??"]
[EventCountry "CHN"]
[SourceTitle "playchess.com"]
[Source "ChessBase"]
[SourceQuality "1"]

{[%evp 16,72,-30,-27,-22,-31,-31,-51,-39,-43,-41,-46,-50,-44,-48,-51,-34,-79,-40,-106,-101,-164,-157,-231,-182,-212,-195,-203,-196,-227,-42,-43,-44,-38,-35,-45,0,0,0,-31,0,-53,-38,-50,25,-256,-254,-253,-253,-231,-240,-29974,-464,-441,-438,-421,-416,-29998,-29999]} 1. Nf3 d5 2. g3 g6 3. Bg2 Bg7 4. O-O e5 5. d3 Ne7 6. c4 c6 7. cxd5 {A07: Réti Opening: New York and Capablanca Systems} (7. Qc2 O-O 8. Bg5 Be6 9. cxd5 cxd5 10. Qd2 Nbc6 11. Nc3 Qd7 12. Bh6 Bxh6 13. Qxh6 f6 14. Qd2 Rac8 15. Rfc1 {½-½ (43) Oparin,G (2617)-Jakovenko,D (2714) Novosibirsk 2016}) 7... cxd5 8. Nc3 O-O 9. Bd2 {LiveBook: 4 Games. Black has an edge.} h6 10. Rc1 Be6 11. Na4 $146 ({Predecessor:} 11. a3 Nd7 12. e3 a6 13. Qe2 {½-½ (14) Sanduleac,V (2461)-Badea,B (2530) Subotica 2001}) 11... b6 12. b4 a6 13. Qc2 Nbc6 14. Qb1 f5 {[%cal Bf7f5,Bf5f4][%mdl 32]} 15. Rfd1 Ra7 16. Be1 Qb8 17. Nd2 (17. e4 $15) 17... Nd4 18. Bf1 (18. Nc3 $17) 18... f4 $19 19. Nb3 (19. Nc3 $17) 19... Nec6 20. Nc3 Raf7 21. b5 {[#]} Nxb3 $1 ({Inferior is} 21... axb5 22. Nxd4 Nxd4 23. Nxb5 $11) 22. axb3 axb5 $2 (22... Nd4 $19 23. bxa6 Qd6) 23. Nxb5 $15 Nd4 24. Nxd4 exd4 25. Bg2 Qe5 26. Qa2 Bg4 27. Rc2 Kh7 28. b4 ({Better is} 28. f3 $11 Bd7 29. Bf2) 28... f3 $36 {[%mdl 2048] Black has some pressure.} 29. exf3 $1 Rxf3 (29... Bxf3 $15 30. Bxf3 Rxf3) 30. h3 $2 {[%mdl 8192] [#]} (30. Bxf3 Bxf3 31. Rc6 Bxd1 $19) (30. Ra1 $11 {and White has nothing to worry.}) 30... Rxg3 $1 $19 31. hxg4 Rxg2+ 32. Kxg2 Qf4 33. Re2 $2 (33. Qxd5 $19 Qxg4+ 34. Kf1 Qxd1 35. Rc7 Qxd3+ 36. Kg2) 33... Qxg4+ (33... Qf3+ $142 34. Kh2 Qxg4 35. f4 Rf5 36. Bg3 Qf3 37. Kg1 Qxg3+ 38. Rg2 Qe3+ 39. Rf2 g5 40. Qe2 gxf4 41. Qf3 Bf6 42. Kh1 Be5 43. Rdf1 Rg5 44. Rg2 Bc7 45. Rxg5 Qxf3+ 46. Rxf3 hxg5 47. Rf1 Bd6 48. Re1 Bxb4 49. Re6 Ba3 50. Rxb6 Bc1 51. Kg2 g4 52. Rb5 Kg6 53. Rxd5 Bb2 54. Rd6+ Kh5 55. Rd5+ Kh4 56. Rd8 Kg5 57. Rg8+ Kh4 58. Rh8+ Kg5 59. Rg8+ Kh5 60. Rf8 Bc1 61. Rh8+ Kg6 62. Rg8+ Kh5 63. Rh8+ Kg6 64. Rg8+ Kf5 65. Rf8+ Ke6 66. Rg8 f3+ 67. Kg3 Bf4+ 68. Kf2 Be3+ 69. Kg3 Bf4+ 70. Kf2 Kf5 71. Rf8+ Kg5 72. Rg8+ Kh4 73. Rh8+ Kg5 74. Rg8+ Kh5 75. Rh8+ Kg5 76. Rg8+) 34. Kf1 Rf5 35. f4 Rh5 {( -> ...Qf3+)} 36. Red2 (36. Rh2 $19 Qxf4+ 37. Qf2 Qxh2 38. Qxh2 Rxh2 39. Rc1) 36... Qf3+ {Precision: White = 37%, Black = 63%.} 0-1